Te conozco, mascarita (Registro nro. 10051)

Detalles MARC
000 -Cabecera
Campo de control de longitud fija 00591nam a22002417a 4500
005 - Fecha y hora de la última transacción
Campo de control 20250723095831.0
008 - Elementos de longitud fija--Información general
Campo de control de longitud fija 171207b xxu||||| |||| 00| 0 spa d
020 ## - International Standard Book Number
Número Internacional Estándar del Libro (ISBN) 9977670196
041 ## - Idioma
Código de idioma Español
082 ## - Clasificación Decimal Dewey
Número de clasificación CR 861 G984t2
100 ## - Entrada principal--Autor personal
Nombre personal Gutiérrez, Joaquín
9 (RLIN) 422
245 ## - Título propiamente dicho
Título Te conozco, mascarita
250 ## - Edición
Mención de edición 2 edición
260 ## - Pie de imprenta
Lugar de publicación, distribución, etc. Costa Rica
260 ## - Pie de imprenta
Nombre del editor, distribuidor, etc. EUCR
260 ## - Pie de imprenta
Fecha de publicación, distribución, etc. 1984
300 ## - Descripción física
Extensión 80 páginas
490 ## - Serie
Título de la Serie TEMÁTICA GENERAL
650 ## - Materia general
Temática (materia general) TEMÁTICA GENERAL
650 ## - Materia general
Temática (materia general) LITERATURA COSTARRICENSE
650 ## - Materia general
Temática (materia general) POESÍA COSTARRICENSE
942 ## - Punto de acceso adicional KOHA
Tipo de ítem KOHA Literatura
Fuente del sistema de clasificación o colocación Dewey Decimal Classification
Existencias
Signatura completa Código de barras Programa Académico Tipo de ítem
CR 861 G984t2 8164 Temática General Literatura